Score 0/14 Timer 02:00
0 Plays Today
Scrambled City Unscrambled City % Correct
SLO GEELASNLos An[g]eles
95.6%
NOHEPIXPhoen[i]x
88.6%
VANHAAHavan[a]
84.8%
HCAOGIC[C]hicago
71.6%
GONETOM ABYMontego B[a]y
68.9%
NAS LEGIMUSan Migu[e]l
65.3%
LONE[L]eon
58.3%
Scrambled City Unscrambled City % Correct
TOANS GODMIONSan[t]o Domingo
54.2%
GAYLARCCalgar[y]
45.2%
AJAUNTITiju[a]na
43.1%
ELAMTNORMon[t]real
22.3%
Bonus City:Guatemala City
14.8%
PALEBUP[u]ebla
13.4%
PLAMENOBBel[m]opan
5.7%

You're not logged in!

Compare scores with friends on all Sporcle quizzes.
OR
Log In

Sporcle TV

Today on Sporcle TV


Watch our educational content, quiz creation guides, and fun videos on Sporcle TV.

Show Comments

Extras

Top Quizzes Today


Score Distribution

Paid Content

Your Account Isn't Verified!

In order to create a playlist on Sporcle, you need to verify the email address you used during registration. Go to your Sporcle Settings to finish the process.

Report this User

Report this user for behavior that violates our Community Guidelines.

Details: